00451nam a2200181Ia 4500008004100000020001800041050001400059100002000073245002500093245005700118260001500175260001600190260000900206300001600215300002000231300001000251500000800261170918s9999 xx 000 0 und d a9780545387729 bS757 2012 aSpinelli, Jerry aThird grade angels / cby Jerry Spinelli ; illustrated by Jennifer A. Bell. aNew York : bScholastic, c2012 a133 pages : billustrations ; c19cm. a390